<?xml version="1.0" encoding="UTF-8"?>
<record
    xmlns:xsi="http://www.w3.org/2001/XMLSchema-instance"
    xsi:schemaLocation="http://www.loc.gov/MARC21/slim http://www.loc.gov/standards/marcxml/schema/MARC21slim.xsd"
    xmlns="http://www.loc.gov/MARC21/slim">

  <leader>05327njm a2200661Ia 4500</leader>
  <controlfield tag="001">B9974</controlfield>
  <controlfield tag="003">IT-RoPAU</controlfield>
  <controlfield tag="005">20220918181115.0</controlfield>
  <controlfield tag="008">131025s9999    xx            000 0 und d</controlfield>
  <datafield tag="040" ind1=" " ind2=" ">
    <subfield code="a">IT-RoPAU</subfield>
  </datafield>
  <datafield tag="040" ind1=" " ind2=" ">
    <subfield code="c">IT-RoPAU</subfield>
  </datafield>
  <datafield tag="999" ind1=" " ind2=" ">
    <subfield code="c">99344</subfield>
    <subfield code="d">99344</subfield>
  </datafield>
  <datafield tag="999" ind1=" " ind2=" ">
    <subfield code="b">n.d.</subfield>
  </datafield>
  <datafield tag="100" ind1=" " ind2=" ">
    <subfield code="a">AA.VV.</subfield>
    <subfield code="9">794</subfield>
  </datafield>
  <datafield tag="100" ind1=" " ind2=" ">
    <subfield code="e">Autore musica</subfield>
    <subfield code="9">29666</subfield>
  </datafield>
  <datafield tag="100" ind1=" " ind2=" ">
    <subfield code="g">Codice autore musica SPICS: 12000</subfield>
    <subfield code="9">796</subfield>
  </datafield>
  <datafield tag="245" ind1=" " ind2=" ">
    <subfield code="a">Riverside Story (The)</subfield>
  </datafield>
  <datafield tag="250" ind1=" " ind2=" ">
    <subfield code="a">2a ed.</subfield>
  </datafield>
  <datafield tag="260" ind1=" " ind2=" ">
    <subfield code="a">MILANO</subfield>
  </datafield>
  <datafield tag="260" ind1=" " ind2=" ">
    <subfield code="b">RUSCONI</subfield>
    <subfield code="c">1994 [1a Ed.:0]</subfield>
  </datafield>
  <datafield tag="300" ind1=" " ind2=" ">
    <subfield code="a">COMPACT DISC</subfield>
  </datafield>
  <datafield tag="300" ind1=" " ind2=" ">
    <subfield code="c">71 minuti (Testo: 0 pag.)</subfield>
  </datafield>
  <datafield tag="500" ind1=" " ind2=" ">
    <subfield code="a">Musica jazz. Compact fuori commercio allegato al n. 1 1994 della rivista "Musica jazz".</subfield>
  </datafield>
  <datafield tag="505" ind1=" " ind2=" ">
    <subfield code="a">Brilliant Corners [(New York, 19 ottobre 1956) (Monk Thelonious) (8:00)] - Laura [(New York, 12 marzo 1957) (Hawkins Coleman) (5:00)] - My Old Flame [(New York, 27 maggio 1957) (Dorham Kenny) (6:00)] - C-Jam Blues [(New York, 6 settembre 1957) (Terry Clark) (4:00)] - Mama Daddy [(New York, 16 ottobre 1957) (Ware Wilbur) (4:00)] - Someday I'll Find You [(New York, 27 febbraio 1958) (Rollins Sonny) (5:00)] - Solar [(New York, settembre 1958) (Baker Chet) (6:00)] - Jodie's Cha Cha [(New York, settembre 1958) (Roach Max) (5:00)] - You Got It! [(San Francisco, jazz Workshop, 18 o 20 ottobre 1959) (Adderly Cannonball) (6:00)] - Come Rain Or Come Shine [(New York, 28 dicembre 1959) (Evans Bill) (4:00)] - This Here [(New York, 13 o 14 gennaio 1960) (Timmons Bobby) (4:00)] - D Natural Blues [(New York, 26 o 28 gennaio 1960) (Montgomery Wes) (6:00)] - Nardis [(New York, 8 maggio 1961) (Russell George) (5:00)] - Our Delight Alt. Take [(New York, 27 febbraio 1962) (Dameron Tadd) (3:00)] - Time Off [(New York, Birdland, 16 giugno 1963) (Blakey Art) (5:00)]</subfield>
  </datafield>
  <datafield tag="511" ind1=" " ind2=" ">
    <subfield code="a">Henry Ernie: alto; Rollins Sonny: ten; Monk Thelonious: p; Pettiford Oscar: cb; Roach Max: batt</subfield>
  </datafield>
  <datafield tag="511" ind1=" " ind2=" ">
    <subfield code="a">Sulieman Idrees: tr; Johnson J.J.: trne; Hawkins Coleman: ten; Jones Hank: p; Galbraith Barry: chit; Pettiford Oscar: cb; Jones Jo: batt</subfield>
  </datafield>
  <datafield tag="511" ind1=" " ind2=" ">
    <subfield code="a">Dorham Kenny: tr; Rollins Sonny: ten; Glamann Betty: arpa; Jones Hank: p; Pettiford Oscar: cb; Roach Max: batt</subfield>
  </datafield>
  <datafield tag="511" ind1=" " ind2=" ">
    <subfield code="a">Terry Clark: tr; Woodman Britt: trne; Hodges Johnny: alto; Gonsalves Paul: ten; Glenn Tyree: vib; Woode Jimmy: cb; Woodyard Sam: batt</subfield>
  </datafield>
  <datafield tag="511" ind1=" " ind2=" ">
    <subfield code="a">Jenkins John: alto; Griffin Johnny: ten; Mance Junior: p; Ware Wilbur: cb; Campbell Wilbur: batt</subfield>
  </datafield>
  <datafield tag="511" ind1=" " ind2=" ">
    <subfield code="a">Rollins Sonny: ten; Pettiford Oscar: cb; Roach Max: batt</subfield>
  </datafield>
  <datafield tag="511" ind1=" " ind2=" ">
    <subfield code="a">Baker Chet, Haig Al, Chambers Paul, Joe Jones Philly</subfield>
  </datafield>
  <datafield tag="511" ind1=" " ind2=" ">
    <subfield code="a">Little Booker: tr; Coleman George: ten; Draper Ray: tuba; Davis Art: cb; Roach Max: batt</subfield>
  </datafield>
  <datafield tag="511" ind1=" " ind2=" ">
    <subfield code="a">Adderley Nat: corn; Adderley Cannonball: alto; Timmons Bobby: p; Jones Sam: cb; Hayes Louis: batt</subfield>
  </datafield>
  <datafield tag="511" ind1=" " ind2=" ">
    <subfield code="a">Evans Bill: p; Lafaro Scott: cb; Motion Paul: batt</subfield>
  </datafield>
  <datafield tag="511" ind1=" " ind2=" ">
    <subfield code="a">Timmons Bobby: p; Jones Sam: cb; Cobb Jimmy: batt</subfield>
  </datafield>
  <datafield tag="511" ind1=" " ind2=" ">
    <subfield code="a">Montgomery Wes: chit; Flanagan Tommy: p; Heath Percy: cb; Heath Albert: batt</subfield>
  </datafield>
  <datafield tag="511" ind1=" " ind2=" ">
    <subfield code="a">Ellis Don: tr; Baker Dave: trne; Dolphy Eric: cl e b; Russell George: p; Swallow Steve: cb; Hunt Joe: batt</subfield>
  </datafield>
  <datafield tag="511" ind1=" " ind2=" ">
    <subfield code="a">Wilder Joe: tr; Terry Clark: tr; Royal Ernie: tr; Cleveland Jimmy: trne; Woodman Britt: trne; Watkins Julius: corno; Wright Leo: alto, fl; Richardson Jerome: ten, fl; Griffin Johnny: ten; Houston Tate: bar; Evans Bill: p; Duvivier George: cb; Joe Jones Philly: batt</subfield>
  </datafield>
  <datafield tag="511" ind1=" " ind2=" ">
    <subfield code="a">Hubbard Freddie: tr; Fuller Curtis: trne; Shorter Wayne: ten; Walton Cedar: p; Workman Reggie: cb; Blakey Art: batt; Art Blakey's Jazz Messengers</subfield>
  </datafield>
  <datafield tag="650" ind1=" " ind2=" ">
    <subfield code="a">JAZZ [COMPACT DISC]</subfield>
    <subfield code="e">Codice MATERIA SPICS: 9949</subfield>
    <subfield code="9">11822</subfield>
  </datafield>
  <datafield tag="700" ind1=" " ind2=" ">
    <subfield code="a">Monk Thelonious</subfield>
    <subfield code="d">Codice autore musica SPICS: 10795</subfield>
    <subfield code="e">Autore musica</subfield>
    <subfield code="p">Brilliant Corners</subfield>
    <subfield code="9">29667</subfield>
  </datafield>
  <datafield tag="700" ind1=" " ind2=" ">
    <subfield code="a">Raskin Dave</subfield>
    <subfield code="d">Codice autore musica SPICS: 13976</subfield>
    <subfield code="e">Autore musica</subfield>
    <subfield code="p">Laura</subfield>
    <subfield code="9">29668</subfield>
  </datafield>
  <datafield tag="700" ind1=" " ind2=" ">
    <subfield code="a">Mercer David</subfield>
    <subfield code="d">Codice autore SPICS: 29716</subfield>
    <subfield code="e">Autore</subfield>
    <subfield code="p">Laura</subfield>
    <subfield code="9">29669</subfield>
  </datafield>
  <datafield tag="700" ind1=" " ind2=" ">
    <subfield code="a">Johnson</subfield>
    <subfield code="d">Codice autore musica SPICS: 20146</subfield>
    <subfield code="e">Autore musica</subfield>
    <subfield code="p">My Old Flame</subfield>
    <subfield code="9">29670</subfield>
  </datafield>
  <datafield tag="700" ind1=" " ind2=" ">
    <subfield code="a">Coslow</subfield>
    <subfield code="d">Codice autore SPICS: 22532</subfield>
    <subfield code="e">Autore</subfield>
    <subfield code="p">My Old Flame</subfield>
    <subfield code="9">29671</subfield>
  </datafield>
  <datafield tag="700" ind1=" " ind2=" ">
    <subfield code="a">Ellington Duke</subfield>
    <subfield code="d">Codice autore musica SPICS: 13023</subfield>
    <subfield code="e">Autore musica</subfield>
    <subfield code="p">C Jam Blues</subfield>
    <subfield code="9">29672</subfield>
  </datafield>
  <datafield tag="700" ind1=" " ind2=" ">
    <subfield code="a">Ware Wilbur</subfield>
    <subfield code="d">Codice autore musica SPICS: 39940</subfield>
    <subfield code="e">Autore musica</subfield>
    <subfield code="p">Mama Daddy</subfield>
    <subfield code="9">29673</subfield>
  </datafield>
  <datafield tag="700" ind1=" " ind2=" ">
    <subfield code="a">Coward N.</subfield>
    <subfield code="d">Codice autore musica SPICS: 14417</subfield>
    <subfield code="e">Autore musica</subfield>
    <subfield code="p">Someday I'll Find You</subfield>
    <subfield code="9">29674</subfield>
  </datafield>
  <datafield tag="700" ind1=" " ind2=" ">
    <subfield code="a">Davis Miles</subfield>
    <subfield code="d">Codice autore musica SPICS: 10734</subfield>
    <subfield code="e">Autore musica</subfield>
    <subfield code="p">Solar - Nardis</subfield>
    <subfield code="9">29675</subfield>
  </datafield>
  <datafield tag="700" ind1=" " ind2=" ">
    <subfield code="a">Lee Bill</subfield>
    <subfield code="d">Codice autore musica SPICS: 39941</subfield>
    <subfield code="e">Autore musica</subfield>
    <subfield code="p">Jodie's Cha Cha</subfield>
    <subfield code="9">29676</subfield>
  </datafield>
  <datafield tag="700" ind1=" " ind2=" ">
    <subfield code="a">Adderly Cannonball</subfield>
    <subfield code="d">Codice autore musica SPICS: 16317</subfield>
    <subfield code="e">Autore musica</subfield>
    <subfield code="p">You Got It!</subfield>
    <subfield code="9">29677</subfield>
  </datafield>
  <datafield tag="700" ind1=" " ind2=" ">
    <subfield code="a">Mercer David</subfield>
    <subfield code="d">Codice autore musica SPICS: 29716</subfield>
    <subfield code="e">Autore musica</subfield>
    <subfield code="p">Come Rain Or Come Shine</subfield>
    <subfield code="9">29678</subfield>
  </datafield>
  <datafield tag="700" ind1=" " ind2=" ">
    <subfield code="a">Arlen Harold</subfield>
    <subfield code="d">Codice autore SPICS: 13025</subfield>
    <subfield code="e">Autore</subfield>
    <subfield code="p">Come Rain Or Come Shine</subfield>
    <subfield code="9">29679</subfield>
  </datafield>
  <datafield tag="700" ind1=" " ind2=" ">
    <subfield code="a">Timmons Bobby</subfield>
    <subfield code="d">Codice autore musica SPICS: 28659</subfield>
    <subfield code="e">Autore musica</subfield>
    <subfield code="p">This Here</subfield>
    <subfield code="9">29680</subfield>
  </datafield>
  <datafield tag="700" ind1=" " ind2=" ">
    <subfield code="a">Montgomery Wes</subfield>
    <subfield code="d">Codice autore musica SPICS: 16180</subfield>
    <subfield code="e">Autore musica</subfield>
    <subfield code="p">D Natural Blues</subfield>
    <subfield code="9">29681</subfield>
  </datafield>
  <datafield tag="700" ind1=" " ind2=" ">
    <subfield code="a">Dameron Tadd</subfield>
    <subfield code="d">Codice autore musica SPICS: 10526</subfield>
    <subfield code="e">Autore musica</subfield>
    <subfield code="p">Our Delight Alt. Take</subfield>
    <subfield code="9">29682</subfield>
  </datafield>
  <datafield tag="700" ind1=" " ind2=" ">
    <subfield code="a">Fuller Curtis</subfield>
    <subfield code="d">Codice autore musica SPICS: 39943</subfield>
    <subfield code="e">Autore musica</subfield>
    <subfield code="p">Time Off</subfield>
    <subfield code="9">29683</subfield>
  </datafield>
  <datafield tag="942" ind1=" " ind2=" ">
    <subfield code="c">CD</subfield>
    <subfield code="2">ddc</subfield>
  </datafield>
  <datafield tag="952" ind1=" " ind2=" ">
    <subfield code="0">0</subfield>
    <subfield code="1">0</subfield>
    <subfield code="4">0</subfield>
    <subfield code="6">B_9974_000000000000000</subfield>
    <subfield code="7">1</subfield>
    <subfield code="a">SPICS</subfield>
    <subfield code="b">SPICS</subfield>
    <subfield code="d">2013-10-25</subfield>
    <subfield code="l">0</subfield>
    <subfield code="o">B9974</subfield>
    <subfield code="r">2013-10-25 00:00:00</subfield>
    <subfield code="w">2013-10-25</subfield>
    <subfield code="y">CD</subfield>
    <subfield code="z">Progr. Ins.: 1008 / N.Vol.: 1 / Copie: 1 - Copia rara: n.d. / date import: 01.01.2014 - By Epidotti, Trombetti, Vaglietti</subfield>
  </datafield>
</record>
